| 000 | 00326nam a22000977a 4500 | ||
|---|---|---|---|
| 999 |
_c515757 _d515757 |
||
| 082 | _aTNC G5x54 In2r | ||
| 100 |
_aRajya Sabha Secretariat _921574 |
||
| 245 |
_aRules of procedure and conduct of business in the council of states _cby Rajya Sabha Secretariat |
||
| 260 |
_aNew Delhi _bRajya Sabha Secretariat _c1991 |
||
| 300 | _a164p. | ||